Представление документа в формате RUSMARC

ПолеНазваниеЗначение
  Тип записи a
  Библиографический уровень m
001 Контрольный номер RU/SLIB/B/208723330
005 Дата корректировки 20211124123249.6
010 Индекс ISBN __
d Цена 200-00
101 Язык документа 0_
a Язык текста rus
c Язык оригинала rus
200 Заглавие и сведения об ответственности 1_
a Заглавие Собрание эпических поэм
b Общее обозначение материала Текст
i Наименование части Северная симфония (1-ая, героическая)
i Наименование части Симфония (2-я, драматическая)
h Номер части Кн. 1
210 Выходные данные 1_
a Место издания М.
c Издательство В. В. Пашуканис
d Дата издания 1917
215 Физическое описание __
a Объем 328 с.
300 Общие примечания __
a Общие примечания Ред. кн.
a Общие примечания Прижизн. изд.
606 Тематические рубрики __
a Основная рубрика Художественная литература
606 Тематические рубрики __
a Основная рубрика Русская литература XX в. (произведения)
610 Ключевые слова 0_
a Ключевые слова символизм; поэмы; эпические поэмы
686 Индексы других классификаций __
a Классификационный индекс 84(2Рос=Рус)6-4
700 Автор _1
a Фамилия Белый
b Имя А.
c Титул (звания) Бугаев Б. Н.
g Полное личное имя Андрей
4 Код отношения 070
801 Источник записи _0
a Страна RU
b Организация Муниципальное бюджетное учреждение культуры "Централизованная библиотечная система" г. Сургут (Центральная городская библиотека им. А. С. Пушкина)
g Правила каталогизации КиК/Котельникова
801 Источник записи _1
a Страна RU
b Организация Муниципальное бюджетное учреждение культуры "Централизованная библиотечная система" г. Сургут (Центральная городская библиотека им. А. С. Пушкина)
g Правила каталогизации КиК/Котельникова
852 Данные о местонахождении __
j Шифр хранения 84(2Рос=Рус)6-4
c Каталожный индекс 84(2Рос=Рус)6-4
i Авторский знак Б 43
901 Тип документа __
t Тип документа m
903 Характеристики (МАРС) __
a Дата передачи 20020215
990 Данные о заказе (DOS) __
j Количество экземпляров (DOS) 1
t N записи в КСУ для И/У (DOS) 200202